[Event "GER Seniors Derby 06th"]
[Site "Wesel Undeloh"]
[Date "2007.04.15"]
[Round "6.20"]
[White "Scheller, Rolf"]
[Black "Buenz, Heinrich"]
[Result "0-1"]
[WhiteElo "1539"]
[BlackElo "1581"]
[PlyCount "94"]
[EventDate "2007.04.12"]
[EventType "swiss"]
[EventRounds "7"]
[EventCountry "GER"]
[SourceTitle "EXT 2022"]
[Source "ChessBase"]
[SourceDate "2021.10.06"]
[SourceVersion "1"]
[SourceVersionDate "2021.10.06"]
[SourceQuality "1"]

1. d4 Nf6 2. c4 e6 3. Bg5 Be7 4. Nc3 0-0 5. Qc2 d6 6. Nf3 Nbd7 7. e4 e5 8. dxe5 Nxe5 9. Nxe5 dxe5 10. Rd1 Qe8 11. Nb5 Qc6 12. Be2 Bb4+ 13. Bd2 Bxd2+ 14. Rxd2 Be6 15. 0-0 a6 16. Nc3 Bxc4 17. Bxc4 Qxc4 18. b3 Qe6 19. Rfd1 Rac8 20. h3 h6 21. Rd3 Qe7 22. Nd5 Nxd5 23. Rxd5 Rfd8 24. Qc3 Rxd5 25. Rxd5 f6 26. Qd2 Kh7 27. f4 exf4 28. Qxf4 Re8 29. Qf5+ Kh8 30. Rd7 Qxe4 31. Qxe4 Rxe4 32. Rxc7 Rb4 33. Kf2 Kh7 34. Ke3 Kg6 35. Rc4 Rb5 36. Kd4 f5 37. Kc3 Kg5 38. a4 Rb6 39. Rc7 g6 40. Kc4 a5 41. Rc5 Rb4+ 42. Kc3 b6 43. Rc4 Rxc4+ 44. Kxc4 Kf4 45. Kb5 Kg3 46. Kxb6 Kxg2 47. Kxa5 f4 0-1